Újjászületett művelődési központ mialatt a szülő a kosárfonás fortélyaival ismerkedik, ...

Bibliographic Details
Main Authors: Száz, Ildikó, 1970- (ain), Stugel, Tibor (Author, uin), Magyar, Béla (Author, uin)
Format: Article
Language:Hungarian
PhysicalDescription:Fotogr.
Subjects:

MARC

LEADER 00000nab a2200000 a 4500
001 vtls000846026
003 SK-MaSNL
005 20260318132405.0
008 160405c2003 xo 0 hun
015 |a SNBRB2003/09-25674 
035 |a CLN000197681 
040 |a SNKBUCL  |b slo  |c SNKBUCL  |e AACR2 
041 0 |a hun 
044 |a xo  |c SK 
080 |a 008:374:061.23(437.6)  |2 1997 
100 1 |a Száz, Ildikó,  |d 1970-  |4 ain  |9 103403 
245 1 0 |a Újjászületett művelődési központ  |b mialatt a szülő a kosárfonás fortélyaival ismerkedik, ...  |c Száz Ildikó, 
300 |b Fotogr. 
610 7 |a Regionálne kultúrne centrum (Nové Zámky, Slovensko)  |2 snkbucl  |9 233099 
651 7 |a 404  |2 snkbucl  |9 296361 
655 7 |a články z novín a časopisov  |2 snkbucl  |9 267496 
700 1 |a Stugel, Tibor  |4 aut  |4 uin  |9 891840 
700 1 |a Magyar, Béla  |4 aut  |4 uin  |9 980333 
773 0 |t Új szó  |g Roč. 56, č. 195 (23.8.2003) 
773 0 |t [Príl.] Családi kör  |g Roč. 7, č. 32 (2003), s. 9 
850 |a Slovenská národná knižnica v Martine 
852 |a SNK  |b KIS3GCP 
958 |a HU 
958 |a SK 
958 |a RBX 
999 |c 2125021  |d 2126951